00838mam a2200217 a 4500020001500000082003600015245014400051260003300195300002100228500005400249520002600303526003700329650003800366650003000404650002800434650003100462700002100493700001600514700002700530710006300557 a817304153900a327.1/747/0954bCHAcN-01, P-4800aNuclear-non-proliferation in India and Pakistan :bSouth Asian perspectives /cedited by P.R. Chari, Pervaiz Iqbal Cheema, Iftekharuzzaman. aNew Delhi :bManohar,c1996. a236 p. ;c23 cm. a"Regional Centre for Strategic Studies, Colombo." aCollection of essays. a0b0c0d327_174709540000000_CHA 0aNuclear arms controlzSouth Asia. 0aNuclear nonproliferation. 0aNuclear weaponszIndia. 0aNuclear weaponszPakistan.0 aIftekharuzzaman.1 aChar, P. R.1 aCheema, Pervaiz Iqbal,2 aRegional Centre for Strategic Studies (Colombo, Sri Lanka)